000 00805nam a2200265Ia 4500
003 OSt
005 20220923224911.0
006 a|||||r|||| 00| 0
007 ta
008 220922b |||||||| |||| 00| 0 hin d
020 _c4
024 _a253,419
037 _cTextual
040 _aARTS
_cARTS
_bhin
041 _2hin
_ahin
082 _aO152,3N175,JO, K4
100 _aमाचवे, प्रभाकर
_9156279
245 0 _aजो
246 _aJo
260 _aदिल्ली
_b भारतीय ज्ञानपीठ प्रकाशन
_c1964
300 _a143पृ.
_ccm.
650 _aहिन्दी साहित्य
_9156264
942 _hO152,3N175,JO, K4
_cTEXL
_2CC
999 _c374516
_d374516